| 000 | 01539nam a2200361Ia 4500 | ||
|---|---|---|---|
| 001 | ebr10172324 | ||
| 003 | CaPaEBR | ||
| 006 | m u | ||
| 007 | cr cn||||||||| | ||
| 008 | 070129s2007 pau s 000 0 eng d | ||
| 010 | _z 2007003852 | ||
| 020 | _z9789027227140 (hb : alk. paper) | ||
| 040 |
_aCaPaEBR _cCaPaEBR |
||
| 035 | _a(OCoLC)320323486 | ||
| 050 | 1 | 4 |
_aHV6432.7 _b.D58 2007eb |
| 082 | 0 | 4 |
_a909.83/1 _222 |
| 245 | 0 | 0 |
_aDiscourse, war and terrorism _h[electronic resource] / _cedited by Adam Hodges and Chad Nilep. |
| 260 |
_aPhiladelphia, Pa : _bJohn Benjamins North America, _c2007. |
||
| 300 | _aix, 248 p. | ||
| 490 | 1 |
_aDiscourse approaches to politics, society and culture ; _vv. 24 |
|
| 500 | _a"The book series complements the Journal of Language and Politics, edited by Ruth Wodak and Paul Chilton." | ||
| 533 |
_aElectronic reproduction. _bPalo Alto, Calif. : _cebrary, _d2011. _nAvailable via World Wide Web. _nAccess may be limited to ebrary affiliated libraries. |
||
| 650 | 0 | _aSeptember 11 Terrorist Attacks, 2001. | |
| 650 | 0 | _aWar on Terrorism, 2001-2009. | |
| 650 | 0 | _aCritical discourse analysis. | |
| 655 | 7 |
_aElectronic books. _2local |
|
| 700 | 1 | _aHodges, Adam. | |
| 700 | 1 | _aNilep, Chad. | |
| 710 | 2 | _aebrary, Inc. | |
| 730 | 0 | _aJournal of language and politics. | |
| 830 | 0 |
_aDiscourse approaches to politics, society, and culture ; _vv. 24. |
|
| 856 | 4 | 0 |
_uhttp://site.ebrary.com/lib/rucke/Doc?id=10172324 _zAn electronic book accessible through the World Wide Web; click to view |
| 999 |
_c249485 _d249485 |
||